000 00548nam a2200181Ia 4500
005 20250508153756.0
008 008 250505s9999 xx 000 0 eng d
037 _aTextual
040 _aFEDL
_beng
_cFEDL
041 _aeng
_2eng
084 _a378.73, BUT
_qFEDL
100 _aButts R Freeman
245 0 _aCollege charts its course : Historical conceptions and current proposals
260 _aNew York, USA
_bMcGraw-Hill Book Company
_c1939
300 _axvi,464p.
942 _cTEXL
_h378.73, BUT
999 _c1345423
_d1345423